000 01020nam a2200229Ia 4500
003 Ost
005 20260507075433.0
008 260507s9999||||xx |||||||||||||| ||und||
020 _a97722444845
040 _cfsecg
041 _aara
082 _a330.121
100 _aمبروك، نزيه عبد المقصود
_eمؤلف
245 0 _aصناديق الإستثمار بين الإقتصاد الإسلامي والإقتصاد الوضعي /
_c نزيه عبد المقصود مبروك
260 _aالاسكندرية:
_bدار الفكر الجامعي,
_c2006
300 _a171 صفحة؛
_bإيضاحات ؛
_c24 سم
504 _aببليوغرافيا: ص.162-179
520 _aيضم استثمار المال في الاقتصاد الاسلامي، ماهية صناديق الاستثمار، التكييف القانوني والضريبي والشرعي لصناديق الاستثمار
653 _aالاستثمار
653 _aالاقتصاد الاسلامي
942 _cكتاب
999 _c44522
_d44522